Race d'ep! : un siecle d'images de l'homosexualite /

محفوظ في:
التفاصيل البيبلوغرافية
المؤلف الرئيسي: Hocquenghem, Guy (مؤلف)
مؤلفون آخرون: Soukaz, Lionel
التنسيق: كتاب
اللغة:الفرنسية
منشور في: Paris : Hallier, c1979
سلاسل:Illustrations
الموضوعات:
الوسوم: إضافة وسم
لا توجد وسوم, كن أول من يضع وسما على هذه التسجيلة!

MARC

LEADER 00000nam a22000007i 4500
001 IT\ICCU\UBO\3402451
003 ItRI
005 20260115231839.0
008 080401s1979 fr |||||| ||||| |||||c
020 |a 2862970301 
040 |b ita  |c importazione bologna sebina 
041 7 |a fre  |2 ISO-639-2 
100 1 |a Hocquenghem, Guy  |0 IT\ICCU\RAVV\023956  |4 aut 
245 1 0 |a Race d'ep! :  |b un siecle d'images de l'homosexualite /  |c Guy Hocquenghem. 
260 |a Paris :  |b Hallier,  |c c1979 
300 |a 190 p. :  |b ill. ;  |c 24 cm. 
650 7 |a Omosessuali  |x Iconografia  |2 scbi 
650 7 |a Omosessualità  |x Iconografia  |2 scbi 
700 1 |a Soukaz, Lionel  |0 IT\ICCU\UBOV\229597 
830 0 |a Illustrations  |0 IT\ICCU\UBO\3402482 
942 |2 ddc  |c BK  |n 0 
952 |0 0  |1 0  |4 0  |6 DOC_306_766000000000000_HOC  |7 0  |9 14167  |a BO  |b BO  |d 2026-01-15  |i 695  |l 0  |o DOC 306.766 HOC  |p BO695  |r 2026-01-15 23:18:39  |w 2026-01-15  |x [Sebina 5] [1 v.]  |y BK  |z 1 v. 
999 |c 12222  |d 12222